000 01838nam0a2200373 4500
001 RU\NLR\bibl\991421
005 20260405221920.0
010 _a5-93020-362-8
_91000
021 _aRU
_b2006-51787
_92553
035 _a(NLR Aleph) 000979222
090 _a448360
_c448360
100 _a20061004d2006 |||y0rusy50 ca
101 1 _arus
_agol
_cost
_erus
_eeng
102 _aRU
105 _aa |||||||||
200 1 _aСказки и куклы нерым-ях
_dTales and dolls of nyorym-yah
_fСургут. краеведч. музей
_gсост. Т.А. Исаева, О.В. Стародубова
_gотв. ред. Т.А. Исаева, канд. культорологии
_gпер. с яз. ханты О.И. Щербакова
_g[пер. на англ. яз. Е. Рогачевой]
_gфото А.В. Заика
_zeng
210 _aТюмень
_cМандр и Ка
_d2006
215 _a125, [2] с.
_cцв. ил.
_d24
300 _aТекст парал. на рус. и англ. яз.
510 1 _aTales and dolls of nyorym-yah
_zeng
601 0 2 _aСургутский краеведческий музей
_xКоллекция кукол
_92444072
_3RU\NLR\auth\661453747
606 1 _aСказки хантыйские
_91625805
_3RU\NLR\auth\661016052
606 1 _aКуклы хантыйские
_92444062
_3RU\NLR\auth\661453742
686 _aШ3(251.1=Хан)-615.10
686 _aЩ101.3(2Р)-2Сургут2Краеведческий музей
686 _aЩ126.73(2Р=Хан)л61
686 _aТ52(251.1=Ха)-7
702 1 _4220
_8rus
_7ca
_aИсаева
_bТ. А.
_cканд. культурол. наук
_f1968-
_gТатьяна Александровна
_3RU\NLR\auth\77100166
_983092
801 0 _aRU
_bNLR
_c20061004
_grcr
801 1 _aRU
_bNLR
_c20061004
942 _cBOOK
980 _aNB
980 _aNBR